000 01475nam a2200253Ii 4500
003 JO-AjNU
005 20240624093709.0
008 230605s9999||||xx |||||||||||||| ||und||
040 _aJO-AjNU
_bara
_erda
_cJO-AjNU
041 _aara
050 1 4 _aBP173.75.2018
100 3 _aاعداد ليندا حسن محمد القضاه ؛ اشراف محمد طعمه القضاه,
_eauthor
_958245
245 0 0 _aالتورق المصرفي المنظم في المصارف الاسلاميه الاردنيه واثاره الاقتصاديه (دراسه ميدانيه) = An empirical study in the islamic banks) Regulated Banking Foliation (Tawroq) its Economic Effect )
_cاعداد ليندا حسن محمد القضاة ؛ اشراف محمد طعمة القضاة
264 3 1 _aعجلون: جامعة عجلون الوطنيه، 2018
300 _a146 ورقة
336 _atext
_btxt
_2rdacontent
337 _aunmediated
_bn
_2rdamedia
338 _avolume
_bnc
_2rdacarrier
500 _aرساله جامعيه (ماجستير في المصارف الاسلاميه) - جامعة عجلون الوطنيه (عجلون ، الاردن) ، كلية ادارة الاعمال ، قسم المصارف الاسلاميه ، 2018
650 4 _aالبنوك الاسلامية - الاسلام - اقتصاد
_958246
700 1 _aالقضاة، ليندا حسن محمد
_eمعد
_965494
700 1 _aالقضاة، محمد طعمة
_eمشرف
_965495
942 _2lcc
_cTHS
999 _c29714
_d29714